000 00376nam a2200169Ia 4500
003 0STCL
008 150530s9999 xx 000 0 und d
040 _aSTCL
_cSTCL
100 _aTagore
245 _aPersonality lectures delivered in America
250 _aFirst
260 _c1923
546 _aEnglish
942 _2ddc
_cBK
999 _c44354
_d44354
005 20220125170630.0